| 000 | 00683cam a2200229 4500 | ||
|---|---|---|---|
| 001 | ABS62028 | ||
| 008 | 000000n2000 000 0 eng u | ||
| 035 | _a(Sirsi) u105174 | ||
| 100 | _aDelargy, M | ||
| 245 | _aPeak practice | ||
| 260 | _c2000 | ||
| 490 |
_aBuilding _v265(13) 31 March 2000, 42-45(4) |
||
| 520 | _aReports on how busy architects throughout Britain currently are. Asks what is causing it and if things will quieten down soon. | ||
| 590 | _aABS | ||
| 650 | _aARCHITECTS | ||
| 650 | _aRETAIL SECTOR | ||
| 650 | _aEDUCATION SECTOR | ||
| 650 | _aOFFICE SECTOR | ||
| 650 | _aHEALTH SECTOR | ||
| 690 | _aBUILT ENVIRONMENT-CONSTRUCTION MARKET | ||
| 942 | _n0 | ||
| 999 |
_c63072 _d63072 |
||